Chế tác hòn non bộ
Spremljeno u:
| Glavni autor: | |
|---|---|
| Format: | Knjiga |
| Jezik: | Undetermined |
| Izdano: |
Tp. HCM
Nxb. Tp. HCM
1993
|
| Teme: | |
| Oznake: |
Dodaj oznaku
Bez oznaka, Budi prvi tko označuje ovaj zapis!
|
| Thư viện lưu trữ: | Trung tâm Học liệu Trường Đại học Cần Thơ |
|---|
| LEADER | 00511nam a2200181Ia 4500 | ||
|---|---|---|---|
| 001 | CTU_13449 | ||
| 008 | 210402s9999 xx 000 0 und d | ||
| 082 | |a 635.9772 | ||
| 082 | |b H103 | ||
| 100 | |a Đỗ Xuân Hải | ||
| 245 | 0 | |a Chế tác hòn non bộ | |
| 245 | 0 | |c Đỗ Xuân Hải | |
| 260 | |a Tp. HCM | ||
| 260 | |b Nxb. Tp. HCM | ||
| 260 | |c 1993 | ||
| 650 | |a rock gardens,stone in lanscape gardening | ||
| 904 | |i Minh, 961129 | ||
| 980 | |a Trung tâm Học liệu Trường Đại học Cần Thơ | ||